DIFFERENT LEVELS OF 21-21-21 FERTILIZER ON GROWTH AND YIELD OF BOK CHOY (Brassisca chinensis) កម្រិតជី ២១-២១-២១ ខុសគ្នាលើការលូតលាស់ និងទិន្នផលដំណាំស្ពៃតឿ (Record no. 22759)

000 -LEADER
fixed length control field 00650nam a22001337a 4500
040 ## - CATALOGING SOURCE
Transcribing agency rua
082 ## - DEWEY DECIMAL CLASSIFICATION NUMBER
Classification number AGR NON 2021 B1-570 Or.
100 ## - MAIN ENTRY--AUTHOR NAME
Personal name NON SOKNEAN នន់​ សុខ​នៀន
245 ## - TITLE STATEMENT
Title DIFFERENT LEVELS OF 21-21-21 FERTILIZER ON GROWTH AND YIELD OF BOK CHOY (Brassisca chinensis) កម្រិតជី ២១-២១-២១ ខុសគ្នាលើការលូតលាស់ និងទិន្នផលដំណាំស្ពៃតឿ
260 ## - PUBLICATION, DISTRIBUTION, ETC. (IMPRINT)
Place of publication PHNOM PENH
Name of publisher RUA
Year of publication 2021
300 ## - PHYSICAL DESCRIPTION
Number of Pages XI. 44P
Other physical details VIII.
Dimensions 29CM
856 ## - ELECTRONIC LOCATION AND ACCESS
Uniform Resource Identifier https://drive.google.com/file/d/1QU68yIOzA_UJG1L-XGzrfYEPJqV4H_WT/view?usp=sharing
942 ## - ADDED ENTRY ELEMENTS (KOHA)
Koha item type AGR
952 ## - LOCATION AND ITEM INFORMATION (KOHA)
Withdrawn status [LOCAL, KOHA] 0
952 ## - LOCATION AND ITEM INFORMATION (KOHA)
Withdrawn status [LOCAL, KOHA] 0
952 ## - LOCATION AND ITEM INFORMATION (KOHA)
Withdrawn status [LOCAL, KOHA] 0
952 ## - LOCATION AND ITEM INFORMATION (KOHA)
Withdrawn status [LOCAL, KOHA] 0
Holdings
Permanent Location Date acquired Koha item type Lost status Shelving location Barcode Current Location Full call number
Library Block B2024-04-01AGR B1.570a078791Library Block BAGR NON 2021 B1-570 Or.
Library Block B2024-04-01AGR B1.570a078847Library Block BAGR NON 2021 B1-570 Or.
Library Block B2024-04-01AGR B1.570a078855Library Block BAGR NON 2021 B1-570 Or.
Library Block B2024-04-01AGR B1.570a078795Library Block BAGR NON 2021 B1-570 Or.
មជ្ឈមណ្ឌលឯការនៃសាកលវិទ្យាល័យភូមិន្ទកសិកម្មចំការដូង

Powered by Koha